Actors who worked with Lars von Trier - Statistics

General Stats
  • This quiz has been taken 11 times
  • The average score is 13 of 57
Answer Stats
Films Answer % Correct
Nymphomaniac: Vol. II, Antichrist, Manderlay Willem Dafoe
82%
Nymphomaniac: Vol. I, Nymphomaniac: Vol. II, Melancholia, Dogville, Dancer in the Dark, Breaking the Waves Stellan Skarsgard
73%
Nymphomaniac: Vol. I, Nymphomaniac: Vol. II, The House That Jack Built Uma Thurman
73%
Melancholia Alexander Skarsgard
64%
Nymphomaniac: Vol. I, Nymphomaniac: Vol. II, Melancholia, Antichrist Charlotte Gainsbourg
64%
Melancholia Kirsten Dunst
64%
Dogville Nicole Kidman
64%
Dancer in the Dark Björk
55%
The House That Jack Built Matt Dillon
55%
Nymphomaniac: Vol. I, Nymphomaniac: Vol. II Shia LaBeouf
55%
Breaking the Waves Emily Watson
36%
The House That Jack Built Bruno Ganz
27%
Manderlay Bryce Dallas Howard
27%
Melancholia Charlotte Rampling
27%
Manderlay Danny Glover
27%
Melancholia John Hurt
27%
Melancholia Kiefer Sutherland
27%
Nymphomaniac: Vol. I, Nymphomaniac: Vol. II Mia Goth
27%
Nymphomaniac: Vol. II, Melancholia, Dogville, Dancer in the Dark, Breaking the Waves, Europa, Manderlay, Medea Udo Kier
27%
Dancer in the Dark Catherine Deneuve
18%
Nymphomaniac: Vol. I, Nymphomaniac: Vol. II Christian Slater
18%
Dancer in the Dark David Morse
18%
Dogville James Caan
18%
Nymphomaniac: Vol. II Jamie Bell
18%
Europa Max von Sydow
18%
The Element of Crime Michael Elphick
18%
The Idiots Nikolaj Lie Kaas
18%
Dogville Paul Bettany
18%
Dancer in the Dark Peter Stormare
18%
The House That Jack Built Riley Keough
18%
Nymphomaniac: Vol. I, Nymphomaniac: Vol. II Stacy Martin
18%
The Idiots Anne Louise Hassing
9%
Europa Barbara Sukowa
9%
The Idiots Bodil Jorgensen
9%
Nymphomaniac: Vol. II Caroline Goodall
9%
Dogville, Manderlay Chloe Sevigny
9%
Nymphomaniac: Vol. I Connie Nielsen
9%
The Element of Crime Esmond Knight
9%
Dogville Harriet Andersson
9%
Medea Henning Jensen
9%
Manderlay Isaach De Bankolé
9%
Nymphomaniac Vol. II, Dogville, Dancer in the Dark, Breaking the Waves, Europa, Manderlay, The Boss of It All Jean-Marc Barr
9%
Nymphomaniac Vol I, Dancer in the Dark, The Idiots, The Boss of It All Jens Albinus
9%
The House That Jack Built, Dogville, Manderlay Jeremy Davies
9%
Nymphomaniac: Vol. I, Melancholia Jesper Christensen
9%
Breaking the Waves Katrin Cartlidge
9%
Medea Kirsten Olesen
9%
Dogville, Manderlay Lauren Bacall
9%
The Element of Crime Me Me Lai
9%
Dogville Patricia Clarkson
9%
Nymphomaniac: Vol. I, Nymphomaniac: Vol. II Sophie Kennedy Clark
9%
The Idiots Troels Lyby
9%
Breaking the Waves Adrian Rawlins
0%
Dancer in the Dark, The Idiots Paprika Steen
0%
Dogville Philip Baker Hall
0%
The House That Jack Built, Dogville, Dancer in the Dark Siobhan Fallon Jogan
0%
Dogville, Dancer in the Dark, Manderlay Zeljko Ivanek
0%
No matching quizzes found
Score Distribution
Percent of People with Each Score
Percentile by Number Answered
Your Score History
You have not taken this quiz